Detalles MARC
| 000 -CABECERA |
| campo de control de longitud fija |
01118nam a2200241 a 4500 |
| 001 - NÚMERO DE CONTROL |
| campo de control |
000012209 |
| 005 - FECHA Y HORA DE LA ÚLTIMA TRANSACCIÓN |
| campo de control |
20240412074230.0 |
| 008 - DATOS DE LONGITUD FIJA--INFORMACIÓN GENERAL |
| campo de control de longitud fija |
091106s1982 dr r 001 p spa d |
| 040 ## - FUENTE DE LA CATALOGACIÓN |
| Centro catalogador/agencia de origen |
DO-SdBNP |
| Lengua de catalogación |
spa |
| Centro/agencia transcriptor |
BNPHU |
| 082 ## - NÚMERO DE LA CLASIFICACIÓN DECIMAL DEWEY |
| Número de clasificación |
RD861.44 |
| Número de documento/Ítem |
C679e |
| 100 1# - ENTRADA PRINCIPAL--NOMBRE DE PERSONA |
| Nombre de persona |
Coiscou Weber, Rodolfo Juan, |
| Fechas asociadas al nombre |
1924- |
| 9 (RLIN) |
28836 |
| 245 10 - MENCIÓN DE TÍTULO |
| Título |
Entonces, buen hombre : |
| Resto del título |
poema / |
| Mención de responsabilidad, etc. |
Rodolfo Juan Coiscou Weber. |
| 260 ## - PUBLICACIÓN, DISTRIBUCIÓN, ETC. |
| Lugar de publicación, distribución, etc. |
Santo Domingo : |
| Nombre del editor, distribuidor, etc. |
Frahegio, |
| Fecha de publicación, distribución, etc. |
1982. |
| 300 ## - DESCRIPCIÓN FÍSICA |
| Extensión |
77 p. ; |
| Dimensiones |
16 cm. |
| 490 1# - MENCIÓN DE SERIE |
| Mención de serie |
Antología de nuestra voz |
| Designación de volumen o secuencia |
1 |
| 505 0# - NOTA DE CONTENIDO CON FORMATO |
| Título |
Entonces, buen hombre -- |
| -- |
Primeros pasos no.1. Luz herida. Poemas de Rodolfo Coiscou Weber. Colección antología de la sangre. ¿ Como nace ? -- |
| -- |
Luz herida / |
| Mención de responsabilidad |
Ramón Francisco -- |
| Título |
El sabor de una luz herida / |
| Mención de responsabilidad |
Onofre de la Rosa -- |
| Título |
Y sobre luz herida -- |
| -- |
Rodolfo Juan Coiscou Weber. |
| 590 ## - NOTA LOCAL (RLIN) |
| Nota local |
Inventariado, 2018/BT |
| 600 14 - PUNTO DE ACCESO ADICIONAL DE MATERIA--NOMBRE DE PERSONA |
| Nombre de persona |
COISCOU WEBER, RODOLFO JUAN, |
| Fechas asociadas al nombre |
1924- |
| Subdivisión general |
CRÍTICA E INTERPRETACIÓN |
| Título de la obra |
LUZ HERIDA |
| 9 (RLIN) |
28837 |
| 650 #0 - PUNTO DE ACCESO ADICIONAL DE MATERIA--TÉRMINO DE MATERIA |
| Término de materia o nombre geográfico como elemento de entrada |
Poesía dominicana |
| 9 (RLIN) |
66 |
| 650 #0 - PUNTO DE ACCESO ADICIONAL DE MATERIA--TÉRMINO DE MATERIA |
| Término de materia o nombre geográfico como elemento de entrada |
Literatura dominicana. |
| 9 (RLIN) |
67 |
| 830 #0 - PUNTO DE ACCESO ADICIONAL DE SERIE-TÍTULO UNIFORME |
| Título uniforme |
Antología de nuestra voz |
| Número de parte o sección de la obra |
1 |
| 9 (RLIN) |
28838 |
| 910 ## - DATOS DE OPCIÓN DEL USUARIO (OCLC) |
| Datos de opción del usuario |
Validado. Control de calidad. MMOLINA |